BIBLIOTECA

SENCICO

Levantamiento topográfico en la construcción : (Registro nro. 713)

Detalles MARC
000 -LEADER
fixed length control field 01271nam a2200289Ia 4500
003 - CONTROL NUMBER IDENTIFIER
control field PE SENCICO BE
005 - DATE AND TIME OF LATEST TRANSACTION
control field 20260309150330.0
008 - FIXED-LENGTH DATA ELEMENTS--GENERAL INFORMATION
fixed length control field 200515s9999 xx 000 0 und d
020 ## - INTERNATIONAL STANDARD BOOK NUMBER
International Standard Book Number 84-252-1280-4
040 ## - CATALOGING SOURCE
Original cataloging agency PE SENCICO BE
Transcribing agency PE SENCICO BE
041 ## - LANGUAGE CODE
Language code of text/sound track or separate title spa
082 ## - DEWEY DECIMAL CLASSIFICATION NUMBER
Classification number 526.98
Item number C84
100 1# - MAIN ENTRY--PERSONAL NAME
Personal name Cramer, Johannes
9 (RLIN) 574
Relator term autor
245 10 - TITLE STATEMENT
Title Levantamiento topográfico en la construcción :
Remainder of title medición y reconocimiento /
Statement of responsibility, etc. Johannes Cramer
250 ## - EDITION STATEMENT
Edition statement [1a ed.]
260 ## - PUBLICATION, DISTRIBUTION, ETC.
Place of publication, distribution, etc. Barcelona :
Name of publisher, distributor, etc. Gustavo Gili ;
Date of publication, distribution, etc. 1986
300 ## - PHYSICAL DESCRIPTION
Extent 151 páginas :
Other physical details ilustraciones, tablas, gráficos ;
Dimensions 24 cm.
490 ## - SERIES STATEMENT
Series statement Colección construcción
504 ## - BIBLIOGRAPHY, ETC. NOTE
Bibliography, etc. note Bibliografía: p. 145-147
505 0# - FORMATTED CONTENTS NOTE
Formatted contents note Instrumentos de medición -- Procedimientos de medición -- La fotografía en el levantamiento de edificios -- Memoria descriptiva -- Reconocimiento del edificio -- Dibujo
520 3# - SUMMARY, ETC.
Summary, etc. Detalla la técnica sobre el levantamiento de edificios y como viene adquiriendo gran importancia en los últimos años. Facilita las diversas técnicas y analiza cómo conviene proceder en cada momento
650 10 - SUBJECT ADDED ENTRY--TOPICAL TERM
Topical term or geographic name entry element Levantamiento topográfico
9 (RLIN) 297
650 20 - SUBJECT ADDED ENTRY--TOPICAL TERM
Topical term or geographic name entry element Fotogrametría
9 (RLIN) 248
650 20 - SUBJECT ADDED ENTRY--TOPICAL TERM
Topical term or geographic name entry element Topografía
9 (RLIN) 245
650 20 - SUBJECT ADDED ENTRY--TOPICAL TERM
Topical term or geographic name entry element Métodos topográficos
9 (RLIN) 575
942 ## - ADDED ENTRY ELEMENTS (KOHA)
Koha item type Libros
Source of classification or shelving scheme Dewey Decimal Classification
Existencias
Fecha de la última vez que lo usaron Pago total Signatura topográfica completa Código de barras Tipo de documento Estado perdido Sistema de clasificación Estado dañado No es para préstamo Retirado Ubicación permanente Ubicación actual Precio efectivo desde Fecha de adquisición
15/05/2020   526.98/C84 BibLima26032621 Libros   Dewey Decimal Classification       Biblioteca Central Lima Biblioteca Central Lima    
09/03/2026   526.98/C84 BibZtruj26032622 Libros   Dewey Decimal Classification       Biblioteca Trujillo Biblioteca Trujillo 09/03/2026 09/03/2026